000 00582nam a2200229 i 4500
001 C2-0224024
003 PPAK
005 20180728152704.0
008 000314s1970 enk |||| ||||| | eng d
040 _aPPAK
_beng
_cPPAK
_erda
082 0 4 _a154.634
_223
090 0 0 _a154.634
_bSHU
_dKSA
100 0 _aShulman Sandra,
_eauthor
245 1 0 _aDreams
264 1 _aLondon :
_bMacDonald Unit 75 ,
_c1970
300 _a120 pages ;
_c18 cm
336 _2rdacontent
_atext
337 _2rdamedia
_aunmediated
338 _2rdacarrier
_avolume
650 1 0 _aDreams
942 _ddc
_cB
999 _c145032
_d145032